Khai thác và sử dụng phần mền Violet 1.6 để thiết kế bài giảng điện tử

Cơ sở lý luận của việc sử dụng phần mền Violet 1.6 trong dạy học vật lý. Khai thác sử dụng phần mền Violet 1.6. Ứng dụng thiết kế bài giảng điện tử chương trình vật lý phổ thông

Guardat en:
Dades bibliogràfiques
Autor principal: Vũ, Thị Như Quỳnh
Altres autors: Nguyễn, Văn Đông Th.S (Hướng dẫn)
Format: Llibre
Idioma:Vietnamese
Publicat: Đại học Đà Nẵng Trường đại học Sư Phạm 2010
Col·lecció:Khóa luận tốt nghiệp đại học. Chuyên ngành: Sư phạm Lý
Matèries:
Etiquetes: Afegir etiqueta
Sense etiquetes, Sigues el primer a etiquetar aquest registre!
Thư viện lưu trữ: Mạng thư viện Đại học Đà Nẵng
LEADER 01588nam a2200349 4500
001 000012040
003 8324
005 20120215090222.0
008 120215s2010 viesd
041 |a vie 
072 |a Khóa luận tốt nghiệp 
082 |a 005.7028  |b VU-Q 
100 |a Vũ, Thị Như Quỳnh 
245 |a Khai thác và sử dụng phần mền Violet 1.6 để thiết kế bài giảng điện tử  |c Vũ, Thị Như Quỳnh 
260 |a Đại học Đà Nẵng  |b Trường đại học Sư Phạm  |c 2010 
300 |a 58 tr.  |b hình mhọa  |c 29 cm 
490 |a Khóa luận tốt nghiệp đại học. Chuyên ngành: Sư phạm Lý 
500 |a Tham khảo + phụ lục [40 tr.] 
520 |a Cơ sở lý luận của việc sử dụng phần mền Violet 1.6 trong dạy học vật lý. Khai thác sử dụng phần mền Violet 1.6. Ứng dụng thiết kế bài giảng điện tử chương trình vật lý phổ thông 
653 |a Khóa luận tốt nghiệp đại học 
653 |a Khoa Vật lý 
700 |a Nguyễn, Văn Đông  |c Th.S  |e Hướng dẫn 
OWN |a LSP 
AVA |a UDN50  |b LSP  |d 005.7028 VU-Q  |e available  |t Error 5001 Not defined in file expand_doc_bib_avail.  |f 1  |g 0  |h N  |i 0  |k 1 
999 |a From the UDN01 
AVA |a UDN50  |b LSP  |d 005.7028 VU-Q  |e available  |t Error 5001 Not defined in file expand_doc_bib_avail.  |f 1  |g 0  |h N  |i 0  |k 1 
TYP |a Monograph 
TYP |a Printed language 
980 |a Mạng thư viện Đại học Đà Nẵng